Моделирование и управление технологическими процессами: сборник научных трудов

ग्रंथसूची विवरण
निगमित लेखक: Ташкентский политехнический институт
अन्य लेखक: Юсупбеков Н. Р. (редактор)
भाषा:रूसी
प्रकाशित: Ташкент, Изд-во ТашПИ, 1981
श्रृंखला:Труды Ташкентского политехнического института Вып. 313
विषय:
स्वरूप: MixedMaterials पुस्तक
KOHA link:https://koha.lib.tpu.ru/cgi-bin/koha/opac-detail.pl?biblionumber=373144

MARC

LEADER 00000nam0a2200000 4500
001 373144
005 20231102012534.0
035 |a (RuTPU)RU\TPU\retro\30570 
035 |a RU\TPU\book\268997 
090 |a 373144 
100 |a 20221215d1981 k y0rusy50 ca 
101 0 |a rus 
102 |a UZ 
105 |a a z 001zy 
200 1 |a Моделирование и управление технологическими процессами  |e сборник научных трудов  |f Ташкентский политехнический институт ; под ред. Н. Р. Юсупбекова 
210 |a Ташкент  |c Изд-во ТашПИ  |d 1981 
215 |a 138 с.  |c ил. 
225 1 |a Труды Ташкентского политехнического института  |v Вып. 313 
320 |a Библиогр. в конце ст. 
606 1 |a Автоматизация технологических процессов  |2 stltpush  |3 (RuTPU)RU\TPU\subj\611  |9 29486 
610 1 |a моделирование 
610 1 |a управление 
610 1 |a технологические процессы 
675 |a 65.011.56  |v 3 
702 1 |a Юсупбеков  |b Н. Р.  |4 340 
712 0 2 |a Ташкентский политехнический институт  |2 stltpush  |3 (RuTPU)RU\TPU\col\6741 
801 1 |a RU  |b 63413507  |c 20131230 
801 2 |a RU  |b 63413507  |c 20221215  |g RCR 
942 |c BK